Bontrager's Textbook of radiographic positioning and related anatomy / (Record no. 363044)
[ view plain ]
| 000 -LEADER | |
|---|---|
| fixed length control field | 00661nam a2200181Ia 4500 |
| 003 - CONTROL NUMBER IDENTIFIER | |
| control field | sslc |
| 005 - DATE AND TIME OF LATEST TRANSACTION | |
| control field | 20200309163504.0 |
| 008 - FIXED-LENGTH DATA ELEMENTS--GENERAL INFORMATION | |
| fixed length control field | 200302s9999 xx 000 0 und d |
| 020 ## - INTERNATIONAL STANDARD BOOK NUMBER | |
| International Standard Book Number | 9780323481878 |
| 100 ## - MAIN ENTRY--PERSONAL NAME | |
| Personal name | Lampignano, John P. |
| 245 ## - TITLE STATEMENT | |
| Statement of responsibility, etc | John P. Lampignano, Leslie E. Kendrick.-- |
| Title | Bontrager's Textbook of radiographic positioning and related anatomy / |
| 250 ## - EDITION STATEMENT | |
| Edition statement | 9th |
| 260 ## - PUBLICATION, DISTRIBUTION, ETC. (IMPRINT) | |
| Place of publication, distribution, etc | St. Louis, Missouri: |
| Name of publisher, distributor, etc | Elsevier |
| Date of publication, distribution, etc | 2018 |
| 300 ## - PHYSICAL DESCRIPTION | |
| Extent | ix, 554 pages : |
| Other physical details | black and white illustrations; |
| Dimensions | 28 cm |
| 650 ## - SUBJECT ADDED ENTRY--TOPICAL TERM | |
| Topical term or geographic name as entry element | Human anatomy -- Problems, exercises, etc. |
| 650 ## - SUBJECT ADDED ENTRY--TOPICAL TERM | |
| Topical term or geographic name as entry element | Radiography, Medical -- Positioning -- Problems, exercises, etc. |
| 942 ## - ADDED ENTRY ELEMENTS (KOHA) | |
| Source of classification or shelving scheme | Library of Congress Classification |
| Koha item type | Books |
| Withdrawn status | Lost status | Damaged status | Home library | Current library | Shelving location | Date acquired | Total Checkouts | Full call number | Barcode | Date last seen | Price effective from | Koha item type |
|---|---|---|---|---|---|---|---|---|---|---|---|---|
| South SEED-LPDH College Library | South SEED-LPDH College Library | South SEED-LPDH College Section | 03/02/2020 | RC 78.4 .L238 2018 | SSLC1888 | 03/02/2020 | 03/02/2020 | Books |